Statystyki dla Skąd ten polityk?

Kliknij tutaj aby rozwiązać quiz!

Ogólne statystyki

  • Ten quiz został rozwiązany 4 307 razy
  • Średni wynik to 7 z 15

Statystyki odpowiedzi

HintOdpowiedź% Poprawnych
Indira GandhiIndie
95%
John F. KenedyUSA
87%
HirohitoJaponia
80%
Konrad AdenauerNiemcy
68%
János KádárWęgry
58%
Juan PerónArgentyna
55%
Olof PalmeSzwecja
51%
Hugo ChávezWenezuela
50%
Sun Yat-senChiny
48%
David Ben-GurionIzrael
30%
Gamal Abdel NasserEgipt
28%
Enver HoxhaAlbania
25%
Reza PahlaviIran
24%
Robert MugabeZimbabwe
24%
Idi AminUganda
14%

Rozkład punktacji

Percentyl według liczby udzielonych odpowiedzi

Procent ludzi z każdym wynikiem

Twoja historia wyników

Nie rozwiązałeś tego quizu